[Event "OLNO 2223 Greifswalder SV - TSG OberschÃ"]
[Site "?"]
[Date "2023.02.26"]
[Round "6.1"]
[White "Rosenthal, Dirk"]
[Black "Stubbe, Wilko"]
[Result "1-0"]
[WhiteElo "2376"]
[BlackElo "2195"]
[PlyCount "88"]
[EventDate "2023.??.??"]

1. e4 e6 2. d4 d5 3. Nd2 dxe4 4. Nxe4 Nf6 5. Bd3 Bd7 6. Nf3 Bc6 7. Neg5 Bxf3 8. Nxf3 Be7 9. O-O O-O 10. Qe2 Nbd7 11. Rd1 c6 12. c4 Re8 13. b3 Qc7 14. Bb2 Rad8 15. Bc2 Nf8 16. g3 Ng6 17. Qe1 Nd7 18. h4 Ngf8 19. Ng5 h6 20. Ne4 Nf6 21. Bc3 Nxe4 22. Bxe4 Bf6 23. a4 Rd7 24. Rd3 Red8 25. Rad1 Kh8 26. Kg2 Re8 27. Qd2 Kg8 28. a5 a6 29. Qb2 Red8 30. b4 Rc8 31. b5 cxb5 32. cxb5 Qc4 33. b6 e5 34. Bf5 exd4 35. Bxd7 dxc3 36. Qc2 Nxd7 37. Rxd7 Re8 38. Qf5 Qa4 39. Qd5 Kh8 40. Rxb7 c2 41. Rf1 Rd8 42. Qf3 Rd1 43. Rb8+ Bd8 44. Rc8 c1=Q 1-0

[Event "OLNO 2223 Greifswalder SV - TSG OberschÃ"]
[Site "?"]
[Date "2023.02.26"]
[Round "6.2"]
[White "Leisner, Hannes"]
[Black "Schoewel, Matthias"]
[Result "0-1"]
[WhiteElo "2163"]
[BlackElo "2226"]
[PlyCount "104"]
[EventDate "2023.??.??"]

1. c4 e5 2. e3 Nf6 3. Nc3 d5 4. cxd5 Nxd5 5. Nf3 Nxc3 6. bxc3 Bd6 7. d4 exd4 8. cxd4 O-O 9. Bd3 Nc6 10. O-O Bg4 11. Bb2 Qe7 12. Rc1 Rfd8 13. Qe2 Rac8 14. h3 Bh5 15. Bf5 Rb8 16. g4 Bg6 17. e4 Bxf5 18. gxf5 Bf4 19. Rcd1 Qf6 20. d5 Ne5 21. Bxe5 Bxe5 22. Nxe5 Qxe5 23. f4 Qf6 24. Qg4 Qe7 25. e5 Qc5+ 26. Rf2 Kh8 27. Qf3 Rd7 28. Kh2 Rbd8 29. Rfd2 Qe7 30. Rg2 f6 31. d6 cxd6 32. e6 Rc7 33. Rdg1 Qf8 34. Qe3 d5 35. Rc1 Qd6 36. Rxc7 Qxc7 37. Qd4 h6 38. Kg3 b6 39. Kg4 Qc5 40. Qa4 Qe3 41. Rg3 Qe2+ 42. Kh4 Rg8 43. Qxa7 Qe4 44. Rg4 d4 45. e7 Re8 46. Qxb6 Rxe7 47. Qd8+ Kh7 48. Qd6 Qe1+ 49. Kh5 Qe3 50. Kh4 Qe1+ 51. Kh5 d3 52. Qxd3 Re3 0-1

[Event "OLNO 2223 Greifswalder SV - TSG OberschÃ"]
[Site "?"]
[Date "2023.02.26"]
[Round "6.4"]
[White "Woll, Wilfried"]
[Black "Raitza, Olaf"]
[Result "0-1"]
[WhiteElo "2008"]
[BlackElo "2150"]
[PlyCount "80"]
[EventDate "2023.??.??"]

1. c4 e5 2. Nc3 Nf6 3. g3 d5 4. cxd5 Nxd5 5. Bg2 Nb6 6. e3 Be7 7. Nge2 c6 8. f4 N8d7 9. O-O O-O 10. f5 Nf6 11. d4 exd4 12. Nxd4 Bc5 13. g4 Nbd5 14. Na4 Bxd4 15. exd4 Re8 16. g5 Ne4 17. Bxe4 Rxe4 18. Nc5 Rh4 19. Nb3 Qd6 20. Qe2 Bd7 21. Qe5 Rg4+ 22. Kh1 Qxe5 23. dxe5 Re8 24. Nc5 Bc8 25. Bd2 b6 26. h3 Rh4 27. Nb3 Rxe5 28. Rae1 Ree4 29. Nd4 Bd7 30. b4 Rxd4 31. Re5 Rxd2 32. f6 Be6 33. a3 Rd3 34. Rc1 Rhxh3+ 35. Kg1 gxf6 36. gxf6 Nxf6 37. Rxc6 Rxa3 38. Rg5+ Kf8 39. Rc7 Ra1+ 40. Kg2 Bd5+ 0-1

[Event "OLNO 2223 Greifswalder SV - TSG OberschÃ"]
[Site "?"]
[Date "2023.02.26"]
[Round "6.5"]
[White "Meyer-Dunker, Paul"]
[Black "Hertel, Johannes"]
[Result "0-1"]
[WhiteElo "2103"]
[BlackElo "1999"]
[PlyCount "56"]
[EventDate "2023.??.??"]

1. e4 c5 2. Nf3 d6 3. d4 cxd4 4. Nxd4 Nf6 5. Nc3 g6 6. Be3 Bg7 7. f3 O-O 8. Qd2 Nc6 9. O-O-O d5 10. Kb1 Rb8 11. Bf4 e5 12. Nxc6 bxc6 13. Bh6 Bxh6 14. Qxh6 Qa5 15. Qd2 Qa3 16. b3 d4 17. Ne2 Be6 18. Nc1 c5 19. Nd3 c4 20. Qc1 Qa5 21. Nb2 Rfc8 22. Qg5 c3 23. Rxd4 cxb2 24. Qd2 Qa3 25. Ra4 Qxa4 26. bxa4 Bxa2+ 27. Kxa2 b1=Q+ 28. Ka3 Qa1# 0-1

[Event "OLNO 2223 Greifswalder SV - TSG OberschÃ"]
[Site "?"]
[Date "2023.02.26"]
[Round "6.6"]
[White "Kalhorn, Stefan"]
[Black "Jauk, Wilhelm"]
[Result "0-1"]
[WhiteElo "2113"]
[BlackElo "2139"]
[PlyCount "134"]
[EventDate "2023.??.??"]

1. d4 Nf6 2. Nf3 e6 3. g3 d5 4. Bg2 Nbd7 5. O-O Be7 6. c4 O-O 7. Nbd2 b6 8. b3 Bb7 9. Bb2 Re8 10. e3 c5 11. Ne5 Nxe5 12. dxe5 Nd7 13. f4 Nf8 14. Qc2 Qd7 15. Rad1 Rad8 16. Ne4 Qc7 17. cxd5 Bxd5 18. Rf2 Bxe4 19. Bxe4 Rxd1+ 20. Qxd1 Rd8 21. Rd2 Rxd2 22. Qxd2 g6 23. g4 Qd7 24. Qc2 Bd8 25. Kf2 Qe7 26. g5 Qd7 27. Ke2 Be7 28. h4 Qc8 29. Qc4 Qd7 30. a4 Qd8 31. Bc3 Qd7 32. Qa6 Qc7 33. a5 Nd7 34. Qb5 Kg7 35. h5 gxh5 36. Kf3 h6 37. gxh6+ Kxh6 38. Qa6 Nf8 39. Qb5 Qd7 40. Qe2 Ng6 41. Kg3 Nh4 42. Bc2 Qd8 43. Bd1 Nf5+ 44. Kh2 h4 45. Qh5+ Kg7 46. Bc2 Nh6 47. e4 Kh7 48. axb6 axb6 49. f5 Bg5 50. Qf3 Bd2 51. Kh3 Bxc3 52. Qxc3 Qg5 53. Qf3 b5 54. Bd3 b4 55. Bc4 exf5 56. exf5 Nxf5 57. Bxf7 Nd4 58. Qh5+ Qxh5 59. Bxh5 Kg7 60. Bd1 Kf7 61. Kxh4 Ke6 62. Kg5 Kxe5 63. Kg6 Ke4 64. Kf6 Kd3 65. Ke5 Kd2 66. Kd5 Kxd1 67. Kxc5 Nc2 0-1

[Event "OLNO 2223 Greifswalder SV - TSG OberschÃ"]
[Site "?"]
[Date "2023.02.26"]
[Round "6.7"]
[White "Boewer, Roland"]
[Black "Patzenhauer, Max"]
[Result "1-0"]
[WhiteElo "2172"]
[BlackElo "2004"]
[PlyCount "69"]
[EventDate "2023.??.??"]

1. e4 e6 2. d3 b6 3. g3 Bb7 4. Bg2 g6 5. f4 Bg7 6. Nf3 Ne7 7. O-O O-O 8. c3 d6 9. Be3 Nd7 10. Nbd2 h6 11. Qc2 e5 12. Rad1 c5 13. Nc4 Qc7 14. a4 f5 15. Nh4 a6 16. Qb3 Kh7 17. exf5 Bxg2 18. fxg6+ Nxg6 19. Nxg2 exf4 20. Nxf4 Rae8 21. Nxg6 Kxg6 22. Bf4 Rf6 23. Nxd6 Rxd6 24. Bxd6 Qxd6 25. Qf7+ Kh7 26. Qxe8 Ne5 27. d4 cxd4 28. cxd4 Nc4 29. Qe4+ Kg8 30. b3 Na5 31. Rf5 Nxb3 32. Qd5+ Qxd5 33. Rxd5 b5 34. axb5 axb5 35. Kf2 1-0

[Event "OLNO 2223 Greifswalder SV - TSG OberschÃ"]
[Site "?"]
[Date "2023.02.26"]
[Round "6.8"]
[White "Sowada, Christoph"]
[Black "Nguyen, Phuc Nhat"]
[Result "1-0"]
[WhiteElo "1938"]
[BlackElo "2028"]
[PlyCount "105"]
[EventDate "2023.??.??"]

1. e4 e5 2. Nf3 Nc6 3. Bc4 Bc5 4. c3 Nf6 5. d4 exd4 6. cxd4 Bb4+ 7. Bd2 Nxe4 8. Bxf7+ Kxf7 9. Qb3+ d5 10. Bxb4 Re8 11. O-O Nxb4 12. Qxb4 Kg8 13. Nbd2 a5 14. Qa4 Bg4 15. Rfe1 Nxd2 16. Nxd2 Rf8 17. Qb3 Qg5 18. Qe3 Qg6 19. Qg3 Ra6 20. h3 Qc2 21. Qxg4 Qxd2 22. Re2 Qd3 23. Re3 Qb5 24. Qe2 Qb4 25. Rd1 Raf6 26. f3 a4 27. Re5 c6 28. Re8 h6 29. Re3 Rf4 30. Qd2 Qb6 31. Kf2 Qd8 32. g3 R4f6 33. Kg2 h5 34. Rf1 h4 35. f4 hxg3 36. Rxg3 Qd6 37. Rgf3 Re8 38. Kf2 Rfe6 39. Kg1 Re2 40. Qd3 Rxb2 41. R1f2 Re1+ 42. Kg2 Rbb1 43. Rf1 Rxf1 44. Rxf1 Rxf1 45. Qxf1 Qg6+ 46. Kh2 Qc2+ 47. Kg3 Qxa2 48. Qe1 Qa3+ 49. Kg4 Qd6 50. Qe8+ Kh7 51. f5 g6 52. Qf7+ Kh6 53. f6 1-0

[Event "OLNO 2223 USC Viadrina Frankfurt/O - SAV"]
[Site "?"]
[Date "2023.03.19"]
[Round "7.1"]
[White "Grossmann, Piet"]
[Black "Galazewski, Tomasz"]
[Result "1/2-1/2"]
[WhiteElo "1964"]
[BlackElo "2312"]
[PlyCount "81"]
[EventDate "2023.??.??"]

1. e4 d6 2. d4 e5 3. dxe5 dxe5 4. Qxd8+ Kxd8 5. Bc4 Be6 6. Bxe6 fxe6 7. Be3 Bd6 8. Nd2 Nf6 9. f3 Ke7 10. a4 Nc6 11. Nc4 Rhb8 12. Ne2 b5 13. axb5 Rxb5 14. O-O a5 15. Nc3 Rb4 16. b3 Nd4 17. Rf2 Nc6 18. Na4 h6 19. Rd1 Rb5 20. Rfd2 Ne8 21. Kf2 Rd8 22. Ke2 Bb4 23. Rxd8 Nxd8 24. Bd2 Nc6 25. Bxb4+ axb4 26. Nab2 Nd6 27. Ra1 Rb8 28. Nxd6 cxd6 29. Nc4 d5 30. exd5 exd5 31. Ne3 Kd6 32. Kd3 Kc5 33. Nf5 Rb7 34. Ra8 Rf7 35. Ne3 Rf4 36. Re8 Kd6 37. h3 Rd4+ 38. Ke2 Rf4 39. Kd3 Rd4+ 40. Ke2 Rf4 41. Kd3 1/2-1/2

[Event "OLNO 2223 USC Viadrina Frankfurt/O - SAV"]
[Site "?"]
[Date "2023.03.19"]
[Round "7.2"]
[White "Lippert, Daniel"]
[Black "Schmekel, Florian"]
[Result "1-0"]
[WhiteElo "2057"]
[BlackElo "2102"]
[PlyCount "55"]
[EventDate "2023.??.??"]

1. e4 c5 2. Nf3 Nc6 3. d4 cxd4 4. Nxd4 g6 5. c4 Nf6 6. Nc3 d6 7. Be2 Nxd4 8. Qxd4 Bg7 9. O-O O-O 10. Qd3 Be6 11. Be3 Qa5 12. b3 Ng4 13. Bd4 Ne5 14. Qe3 Nc6 15. Bxg7 Kxg7 16. Rad1 Qc5 17. Qd2 f5 18. Nd5 Bxd5 19. Qb2+ Kg8 20. Rxd5 Qb6 21. exf5 Rf6 22. c5 dxc5 23. Bc4 Kf8 24. Rd6 Rb8 25. Rxf6+ exf6 26. Qxf6+ Ke8 27. Re1+ Kd7 28. Qf7+ 1-0

[Event "OLNO 2223 USC Viadrina Frankfurt/O - SAV"]
[Site "?"]
[Date "2023.03.19"]
[Round "7.3"]
[White "Korbal, Arkadiusz"]
[Black "Woithe, Daniel"]
[Result "1/2-1/2"]
[WhiteElo "2071"]
[BlackElo "2070"]
[PlyCount "93"]
[EventDate "2023.??.??"]

1. c4 c6 2. Nc3 d5 3. d4 Nf6 4. Nf3 a6 5. Bf4 dxc4 6. e4 b5 7. Qc2 Bb7 8. Be2 e6 9. O-O Be7 10. Rad1 Nbd7 11. Ne5 Nxe5 12. Bxe5 O-O 13. Bf3 Qb6 14. b3 cxb3 15. Qxb3 Nd7 16. Bf4 c5 17. d5 c4 18. Qc2 e5 19. Bg3 Bd6 20. Kh1 Nc5 21. Be2 b4 22. Rb1 Qa5 23. Nd1 b3 24. Qxc4 Qxa2 25. Nc3 Qa5 26. Ra1 Qb6 27. Rfb1 Rfc8 28. Bd1 Nxe4 29. Rxb3 Nxf2+ 30. Bxf2 Qxf2 31. Qe2 Qxe2 32. Bxe2 Rab8 33. Rab1 Ba8 34. Rxb8 Rxb8 35. Rxb8+ Bxb8 36. Bxa6 Kf8 37. g4 Ke7 38. Bc4 f6 39. Kg2 g6 40. Ne4 h6 41. Ng3 Bb7 42. Kf3 Bc8 43. Bd3 Kf7 44. h4 h5 45. gxh5 gxh5 46. Bf5 Bxf5 47. Nxf5 1/2-1/2

[Event "OLNO 2223 USC Viadrina Frankfurt/O - SAV"]
[Site "?"]
[Date "2023.03.19"]
[Round "7.4"]
[White "Grabowski, Jan"]
[Black "Bauer, Norbert"]
[Result "1/2-1/2"]
[WhiteElo "1937"]
[BlackElo "2058"]
[PlyCount "89"]
[EventDate "2023.??.??"]

1. d4 Nf6 2. Bg5 c5 3. Bxf6 gxf6 4. e3 Qb6 5. b3 d5 6. Nf3 Nc6 7. Be2 Bg4 8. c3 e6 9. O-O Be7 10. h3 Bh5 11. a3 a5 12. Nbd2 cxd4 13. Nxd4 Bxe2 14. Qxe2 Nxd4 15. exd4 Rc8 16. Qd3 O-O 17. b4 Qc7 18. Rac1 Rfd8 19. f4 f5 20. g3 Bf6 21. Nb3 a4 22. Nc5 b6 23. Nxa4 Ra8 24. Qb5 Qa7 25. Nb2 Qxa3 26. Nd3 Qa6 27. Qxa6 Rxa6 28. Ra1 Rda8 29. Rxa6 Rxa6 30. Rc1 Ra3 31. Nf2 h5 32. h4 Kf8 33. Kf1 Ke8 34. Ke2 Kd7 35. Nd3 Kc6 36. Ne1 Kb5 37. Kd3 Ka4 38. Rc2 Ra1 39. Nf3 Rf1 40. Ra2+ Kb5 41. Ke2 Rc1 42. Kd3 Rf1 43. Ke2 Rc1 44. Kd3 Rf1 45. Ke2 1/2-1/2

[Event "OLNO 2223 USC Viadrina Frankfurt/O - SAV"]
[Site "?"]
[Date "2023.03.19"]
[Round "7.5"]
[White "Herrmann, Jakob"]
[Black "Mueller, Thorsten"]
[Result "1/2-1/2"]
[WhiteElo "1956"]
[BlackElo "1976"]
[PlyCount "130"]
[EventDate "2023.??.??"]

1. e4 c6 2. Nc3 d5 3. d4 dxe4 4. Nxe4 Bf5 5. Ng3 Bg6 6. h4 h6 7. Nf3 Nd7 8. h5 Bh7 9. Bd3 Bxd3 10. Qxd3 Ngf6 11. Bd2 e6 12. O-O-O Qb6 13. Ne4 Qb5 14. c4 Qa6 15. Nxf6+ Nxf6 16. Kb1 b5 17. c5 O-O-O 18. Qe2 Qb7 19. Ba5 Re8 20. Ne5 Nd5 21. Bd2 Qc7 22. Rhe1 Kb7 23. Qg4 Qe7 24. Qf3 Qf6 25. Nxf7 Rg8 26. Ne5 Be7 27. Qh3 Bd8 28. f3 Bc7 29. Bc1 Qf5+ 30. Qxf5 exf5 31. Ng6 Bg3 32. Rf1 Re2 33. f4 Rge8 34. Rf3 Rxg2 35. Ne5 Bh4 36. Rh3 Bf6 37. Re1 Rf2 38. Rd3 Nxf4 39. Bxf4 Rxf4 40. Kc2 Rh4 41. b4 Rxh5 42. Kc3 f4 43. Rg1 g5 44. Nf7 Re2 45. Nd6+ Kc7 46. a4 bxa4 47. Ra1 Rhh2 48. Rxa4 Rc2+ 49. Kb3 Rb2+ 50. Kc4 Kb8 51. Ra6 Rhc2+ 52. Rc3 Rd2 53. Rd3 Rxd3 54. Kxd3 Rxb4 55. Rxc6 Rxd4+ 56. Ke2 Rxd6 57. cxd6 Kb7 58. Rc7+ Kb6 59. Rc8 g4 60. d7 f3+ 61. Kf2 Bh4+ 62. Ke3 Bg5+ 63. Kf2 Bh4+ 64. Ke3 Bg5+ 65. Kf2 Bh4+ 1/2-1/2

[Event "OLNO 2223 USC Viadrina Frankfurt/O - SAV"]
[Site "?"]
[Date "2023.03.19"]
[Round "7.6"]
[White "Ketelhoehn, Bernd"]
[Black "Onasch, Paul"]
[Result "1/2-1/2"]
[WhiteElo "1911"]
[BlackElo "2018"]
[PlyCount "42"]
[EventDate "2023.??.??"]

1. d4 d5 2. Nf3 Nf6 3. e3 e6 4. Bd3 c5 5. c3 Nbd7 6. O-O Be7 7. Nbd2 O-O 8. Re1 b6 9. e4 dxe4 10. Nxe4 cxd4 11. Nxd4 Bb7 12. Qe2 Nc5 13. Nxc5 Bxc5 14. Be3 Qd5 15. f3 Rfd8 16. Bc4 Qe5 17. Bf2 Qxe2 18. Rxe2 Nd5 19. Ree1 a6 20. a4 Rac8 21. Bf1 Ne7 1/2-1/2

[Event "OLNO 2223 SV Empor Berlin - SC Empor Pot"]
[Site "?"]
[Date "2023.03.19"]
[Round "7.1"]
[White "Penzold, Andreas"]
[Black "Volke, Karsten"]
[Result "1/2-1/2"]
[WhiteElo "2359"]
[BlackElo "2439"]
[PlyCount "26"]
[EventDate "2023.??.??"]

1. c4 Nf6 2. Nc3 c5 3. g3 e6 4. Nf3 b6 5. Bg2 Bb7 6. O-O a6 7. Re1 Be7 8. e4 d6 9. d4 cxd4 10. Nxd4 Qc7 11. Be3 O-O 12. Rc1 Nbd7 13. b3 Nc5 1/2-1/2

[Event "OLNO 2223 SV Empor Berlin - SC Empor Pot"]
[Site "?"]
[Date "2023.03.19"]
[Round "7.2"]
[White "Thinius, Marco"]
[Black "Tschernatsch, Johannes"]
[Result "1-0"]
[WhiteElo "2346"]
[BlackElo "2305"]
[PlyCount "73"]
[EventDate "2023.??.??"]

1. Nf3 Nf6 2. c4 g6 3. Nc3 Bg7 4. e4 e5 5. Nxe5 O-O 6. Nf3 Re8 7. d3 c6 8. Be2 d5 9. cxd5 cxd5 10. e5 Nfd7 11. d4 Nb6 12. O-O Nc6 13. Bg5 f6 14. exf6 Bxf6 15. Bxf6 Qxf6 16. Qd2 Bg4 17. Rad1 Kg7 18. h3 Bxf3 19. Bxf3 Nc4 20. Qc1 Nxd4 21. Nxd5 Nxf3+ 22. gxf3 Qh4 23. Qc3+ Ne5 24. Nc7 Qg5+ 25. Kh1 Qf5 26. Nxe8+ Rxe8 27. f4 Qe4+ 28. Kg1 Qxf4 29. Rfe1 Kh6 30. Kg2 g5 31. Rd4 Qf5 32. Rde4 Rf8 33. Rxe5 Qxf2+ 34. Kh1 Rf3 35. R5e3 Rf4 36. Qc8 Qxb2 37. Re6+ 1-0

[Event "OLNO 2223 SV Empor Berlin - SC Empor Pot"]
[Site "?"]
[Date "2023.03.19"]
[Round "7.3"]
[White "Tiarks, Jann-Christian"]
[Black "Foerster, Jonas"]
[Result "1/2-1/2"]
[WhiteElo "2227"]
[BlackElo "2297"]
[PlyCount "51"]
[EventDate "2023.??.??"]

1. e4 d6 2. d4 Nf6 3. Nc3 g6 4. Nf3 Bg7 5. h3 O-O 6. Be3 a6 7. a4 b6 8. Bd3 Bb7 9. O-O Nbd7 10. Qd2 e5 11. dxe5 dxe5 12. Bh6 Qe7 13. Bxg7 Kxg7 14. Rfe1 Qb4 15. b3 c6 16. Rad1 Rae8 17. Ne2 Qxd2 18. Nxd2 b5 19. b4 Nb6 20. Nc3 Rc8 21. Nb3 Nbd7 22. Be2 c5 23. axb5 cxb4 24. bxa6 Bxa6 25. Bxa6 Rxc3 26. Bd3 1/2-1/2

[Event "OLNO 2223 SV Empor Berlin - SC Empor Pot"]
[Site "?"]
[Date "2023.03.19"]
[Round "7.4"]
[White "Atkinson, Paul"]
[Black "Schoene, Ralf"]
[Result "0-1"]
[WhiteElo "2052"]
[BlackElo "2230"]
[PlyCount "70"]
[EventDate "2023.??.??"]

1. d4 Nf6 2. c4 d6 3. Nc3 g6 4. e4 Bg7 5. Nf3 O-O 6. Be2 e5 7. d5 a5 8. Bg5 h6 9. Bh4 Na6 10. Nd2 Qe8 11. a3 Bd7 12. b3 Nh7 13. f3 h5 14. O-O Bh6 15. Qc2 Be3+ 16. Kh1 f5 17. exf5 gxf5 18. Nd1 Bc5 19. Bf2 Qe7 20. Nb2 Kh8 21. Nd3 Bxf2 22. Nxf2 Rf6 23. b4 axb4 24. axb4 Rg8 25. Qb1 Rfg6 26. Rg1 Qg7 27. g3 Qh6 28. Qb2 Qe3 29. Rgf1 Rf6 30. Rae1 h4 31. Kg2 hxg3 32. Nfe4 gxh2+ 33. Kh1 fxe4 34. Nxe4 Rfg6 35. Nf2 Rg1+ 0-1

[Event "OLNO 2223 SV Empor Berlin - SC Empor Pot"]
[Site "?"]
[Date "2023.03.19"]
[Round "7.5"]
[White "Trenner, Rolf"]
[Black "Jahn, Thomas"]
[Result "0-1"]
[WhiteElo "2133"]
[BlackElo "2149"]
[PlyCount "58"]
[EventDate "2023.??.??"]

1. d4 c5 2. c3 Nf6 3. dxc5 e5 4. b4 d5 5. cxd6 Bxd6 6. Nd2 Qc7 7. Bb2 e4 8. e3 Bxh2 9. Ne2 Be5 10. Qc2 Bf5 11. Nd4 Bxd4 12. exd4 Bg6 13. Bb5+ Nc6 14. Nc4 O-O 15. Ne3 a5 16. a3 Rfc8 17. Rc1 Qf4 18. Qe2 Ne7 19. c4 axb4 20. axb4 Ra2 21. O-O Bh5 22. Qc2 Ng6 23. Qb3 Raa8 24. Rfe1 Nh4 25. Nf1 Nxg2 26. d5 Nxe1 27. Rxe1 Bf3 28. c5 Qh6 29. Ng3 Ng4 0-1

[Event "OLNO 2223 SV Empor Berlin - SC Empor Pot"]
[Site "?"]
[Date "2023.03.19"]
[Round "7.6"]
[White "Dimitriadis, Pavlos"]
[Black "Bachmann, Volker"]
[Result "1/2-1/2"]
[WhiteElo "1986"]
[BlackElo "2083"]
[PlyCount "63"]
[EventDate "2023.??.??"]

1. Nf3 f5 2. g3 Nf6 3. Bg2 g6 4. c4 Bg7 5. O-O O-O 6. Nc3 d6 7. d4 Nc6 8. Rb1 e5 9. dxe5 dxe5 10. Qxd8 Rxd8 11. Nb5 e4 12. Ne1 Ne8 13. Bg5 Rd7 14. Nc2 a6 15. Nc3 Ne5 16. f3 Nxc4 17. fxe4 Nd2 18. Bxd2 Rxd2 19. Nb4 Bd4+ 20. Kh1 Bxc3 21. bxc3 fxe4 22. Bxe4 Nd6 23. Bf3 Be6 24. Rfd1 Rxd1+ 25. Rxd1 Rd8 26. Kg2 c6 27. Bxc6 bxc6 28. Nxc6 Rd7 29. Ne5 Rd8 30. Nc6 Rd7 31. Ne5 Rd8 32. Nc6 1/2-1/2

[Event "OLNO 2223 SV Empor Berlin - SC Empor Pot"]
[Site "?"]
[Date "2023.03.19"]
[Round "7.7"]
[White "Piersig, Hans-Juergen"]
[Black "Staerk, Elisa"]
[Result "1/2-1/2"]
[WhiteElo "2099"]
[BlackElo "1941"]
[PlyCount "69"]
[EventDate "2023.??.??"]

1. e4 c5 2. Nf3 d6 3. d4 cxd4 4. Nxd4 Nf6 5. Nc3 a6 6. Bg5 e6 7. f4 Nbd7 8. Qf3 Qc7 9. O-O-O b5 10. Bd3 Bb7 11. Rhe1 Qb6 12. Nb3 Rc8 13. Qh3 Rxc3 14. bxc3 d5 15. e5 Ba3+ 16. Kd2 Ne4+ 17. Bxe4 dxe4 18. Bh4 Bd5 19. Qe3 Qc7 20. Bf2 O-O 21. Qa7 Qc8 22. Bd4 Rd8 23. Ke3 b4 24. Nc5 bxc3 25. Nxd7 Rxd7 26. Qb6 Bb2 27. a4 h6 28. Qc5 Rc7 29. Qb6 Rc6 30. Qa7 Rc4 31. a5 Rc7 32. Qb6 Rc6 33. Qa7 Rc7 34. Qb6 Rc6 35. Qa7 1/2-1/2

[Event "OLNO 2223 SV Empor Berlin - SC Empor Pot"]
[Site "?"]
[Date "2023.03.19"]
[Round "7.8"]
[White "Gabriel, Reiner"]
[Black "Marwitz, Tino"]
[Result "1/2-1/2"]
[WhiteElo "2116"]
[BlackElo "1979"]
[PlyCount "83"]
[EventDate "2023.??.??"]

1. d4 Nf6 2. c4 c5 3. d5 d6 4. Nc3 g6 5. e4 Bg7 6. Be2 O-O 7. h3 b5 8. cxb5 a6 9. b6 Qxb6 10. Nf3 e6 11. Nd2 exd5 12. exd5 Nbd7 13. Nc4 Qb8 14. Bf4 Ne5 15. Bxe5 dxe5 16. O-O e4 17. Qc2 Re8 18. Rfd1 Bf5 19. Ne3 Bd7 20. a4 Ra7 21. a5 Bh6 22. d6 Rb7 23. Nc4 Rb4 24. Nb6 e3 25. Ncd5 exf2+ 26. Kh1 Nxd5 27. Nxd5 Rxb2 28. Nf6+ Kh8 29. Nxd7 Rxc2 30. Nxb8 Rcxe2 31. d7 Rxb8 32. d8=Q+ Rxd8 33. Rxd8+ Kg7 34. Rdd1 Bd2 35. Rf1 c4 36. g3 Re1 37. Kg2 Rxa1 38. Rxa1 Be1 39. Rb1 c3 40. Rb6 c2 41. Rc6 Bxa5 42. Kxf2 1/2-1/2

[Event "OLNO 2223 TSG Oberschöneweide - SC Kreu"]
[Site "?"]
[Date "2023.03.19"]
[Round "7.1"]
[White "Glek, Igor"]
[Black "Rosenthal, Dirk"]
[Result "1/2-1/2"]
[WhiteElo "2439"]
[BlackElo "2381"]
[PlyCount "97"]
[EventDate "2023.??.??"]

1. e4 e6 2. d4 d5 3. Nc3 Bb4 4. exd5 exd5 5. Bd3 Nf6 6. Nge2 O-O 7. O-O c6 8. Ng3 Re8 9. h3 Nbd7 10. Qf3 Nf8 11. Bg5 Be7 12. Nce2 Qb6 13. b3 a5 14. c3 Ne6 15. Bh4 Nf8 16. Nf4 Ng6 17. Bg5 Nxf4 18. Qxf4 a4 19. b4 Qd8 20. Rae1 Be6 21. Re5 Nd7 22. Bxe7 Qxe7 23. Re2 Nf8 24. Nh5 f6 25. Rfe1 Qf7 26. g4 Bd7 27. a3 Rxe2 28. Rxe2 Re8 29. Kf1 Rxe2 30. Kxe2 Qe7+ 31. Qe3 Qxe3+ 32. fxe3 Ne6 33. Kf2 Be8 34. Bf5 Nc7 35. Bd3 Bg6 36. Nf4 Bxd3 37. Nxd3 Nb5 38. Nc5 Nxc3 39. Nxb7 Nb5 40. Nc5 Nxa3 41. Nxa4 Nc2 42. Ke2 Nxb4 43. Nc5 Nc2 44. Nb7 Kf8 45. Na5 Nb4 46. Kd2 Ke7 47. Kc3 Na2+ 48. Kb2 Nb4 49. Kc3 1/2-1/2

[Event "OLNO 2223 TSG Oberschöneweide - SC Kreu"]
[Site "?"]
[Date "2023.03.19"]
[Round "7.2"]
[White "Schoewel, Matthias"]
[Black "Glantz, Robert"]
[Result "0-1"]
[WhiteElo "2233"]
[BlackElo "2353"]
[PlyCount "108"]
[EventDate "2023.??.??"]

1. e4 c5 2. Nf3 e6 3. Nc3 Nc6 4. Be2 Nf6 5. O-O Qc7 6. d3 a6 7. a4 b6 8. Bg5 Bd6 9. h3 Bb7 10. Re1 h6 11. Bxf6 gxf6 12. d4 cxd4 13. Nxd4 Nxd4 14. Qxd4 Be5 15. Qe3 Qc5 16. Bf3 Ke7 17. Ra3 Bc6 18. Qxc5+ bxc5 19. Nd1 Rab8 20. c3 a5 21. Ra2 Bf4 22. g3 Bc7 23. Ne3 f5 24. Nd5+ Kd8 25. Nxc7 Kxc7 26. Bg2 fxe4 27. Bxe4 d5 28. Bf3 Kd6 29. Kf1 Rb7 30. Re2 Rhb8 31. Rd2 Rb6 32. Ke2 Bb7 33. Ke3 Ba6 34. Be2 Bxe2 35. Rxe2 e5 36. f4 f6 37. fxe5+ fxe5 38. Rf2 c4 39. g4 Kc5 40. h4 Rg6 41. Rg2 Rbg8 42. Kf3 Rf8+ 43. Kg3 Rf4 44. Kh3 d4 45. cxd4+ exd4 46. Ra1 d3 47. g5 Kb4 48. Re1 Rd4 49. Rg4 Rxg4 50. Kxg4 hxg5 51. hxg5 d2 52. Rd1 c3 53. bxc3+ Kxc3 54. Kf5 Rg8 0-1

[Event "OLNO 2223 TSG Oberschöneweide - SC Kreu"]
[Site "?"]
[Date "2023.03.19"]
[Round "7.3"]
[White "Strache, Michael"]
[Black "Horn, Sven"]
[Result "1/2-1/2"]
[WhiteElo "2292"]
[BlackElo "2097"]
[PlyCount "24"]
[EventDate "2023.??.??"]

1. e4 c5 2. c3 Nf6 3. e5 Nd5 4. Bc4 Nb6 5. Bb3 c4 6. Bc2 d5 7. exd6 Qxd6 8. Nf3 Bg4 9. O-O Nc6 10. Re1 O-O-O 11. a4 Na5 12. Na3 a6 1/2-1/2

[Event "OLNO 2223 TSG Oberschöneweide - SC Kreu"]
[Site "?"]
[Date "2023.03.19"]
[Round "7.4"]
[White "Hommel, Niclas"]
[Black "Glienke, Manfred"]
[Result "1/2-1/2"]
[WhiteElo "2034"]
[BlackElo "2201"]
[PlyCount "81"]
[EventDate "2023.??.??"]

1. e4 d6 2. d4 Nf6 3. Nc3 e5 4. Nf3 Nbd7 5. Bc4 Be7 6. O-O c6 7. a4 a5 8. Re1 Qc7 9. Ba2 h6 10. Nh4 Nf8 11. Nf5 Bxf5 12. exf5 N8d7 13. dxe5 dxe5 14. Qf3 O-O 15. Be3 Rae8 16. Rad1 Bb4 17. Qg3 Kh7 18. f3 Bc5 19. Qf2 Bxe3 20. Qxe3 Re7 21. Rd2 Rfe8 22. Red1 Qb6 23. Qxb6 Nxb6 24. Bb3 Kg8 25. Ne4 Nxe4 26. fxe4 Kf8 27. Kf2 Rc7 28. Ke3 Ke7 29. g4 Rf8 30. h4 Rd7 31. g5 hxg5 32. hxg5 Rxd2 33. Rxd2 Rh8 34. f6+ gxf6 35. gxf6+ Ke8 36. Rg2 Nd7 37. Rg7 Rf8 38. Rg5 Kd8 39. Rg7 Ke8 40. Rg5 Kd8 41. Rg7 1/2-1/2

[Event "OLNO 2223 TSG Oberschöneweide - SC Kreu"]
[Site "?"]
[Date "2023.03.19"]
[Round "7.5"]
[White "Dathe, Frederick"]
[Black "Meyer-Dunker, Paul"]
[Result "0-1"]
[WhiteElo "2094"]
[BlackElo "2103"]
[PlyCount "50"]
[EventDate "2023.??.??"]

1. c4 e6 2. Nf3 d5 3. b3 Nf6 4. Bb2 Be7 5. g3 b6 6. Bg2 Bb7 7. O-O Nbd7 8. Nc3 c5 9. cxd5 exd5 10. d4 O-O 11. Rc1 Re8 12. dxc5 bxc5 13. Nh4 Nb6 14. Nf5 Bf8 15. Qd2 Qd7 16. Qg5 d4 17. Bxb7 Qxb7 18. Nb5 Ne4 19. Qg4 Nd5 20. Na3 g6 21. Nh4 f5 22. Nxf5 Nb6 23. Qh3 gxf5 24. Qxf5 Qd5 25. Qxd5+ Nxd5 0-1

[Event "OLNO 2223 TSG Oberschöneweide - SC Kreu"]
[Site "?"]
[Date "2023.03.19"]
[Round "7.6"]
[White "Jauk, Wilhelm"]
[Black "Moritz, Aron"]
[Result "1/2-1/2"]
[WhiteElo "2159"]
[BlackElo "2214"]
[PlyCount "43"]
[EventDate "2023.??.??"]

1. d4 Nf6 2. c4 e6 3. Nf3 d5 4. e3 c5 5. Nc3 Nc6 6. Be2 dxc4 7. Bxc4 a6 8. O-O b5 9. Be2 Bb7 10. dxc5 Bxc5 11. a3 Qe7 12. b4 Bd6 13. Bb2 O-O 14. Qb3 Rac8 15. Rfd1 Ne5 16. Rac1 Nxf3+ 17. Bxf3 Bxf3 18. gxf3 Rc4 19. Ne2 Rh4 20. Ng3 Nd5 21. f4 Rg4 22. Qd3 1/2-1/2

[Event "OLNO 2223 TSG Oberschöneweide - SC Kreu"]
[Site "?"]
[Date "2023.03.19"]
[Round "7.7"]
[White "Dubessay, Bastien"]
[Black "Boewer, Roland"]
[Result "1/2-1/2"]
[WhiteElo "2293"]
[BlackElo "2158"]
[PlyCount "82"]
[EventDate "2023.??.??"]

1. e4 c6 2. Nf3 g6 3. d4 Bg7 4. c3 d6 5. Bc4 Nf6 6. e5 dxe5 7. Qb3 O-O 8. Nxe5 Nd5 9. O-O Nd7 10. Nxd7 Qxd7 11. Nd2 Nf4 12. Re1 Qg4 13. g3 b5 14. Bf1 Be6 15. f3 Nh3+ 16. Kg2 Nf4+ 17. Kh1 Bxb3 18. fxg4 Bd5+ 19. Kg1 Ne6 20. Ne4 Rfe8 21. g5 Rab8 22. a3 a5 23. Bh3 b4 24. Bxe6 Bxe6 25. Bf4 bxc3 26. bxc3 Rb3 27. Bd2 Bd5 28. Nf6+ Bxf6 29. gxf6 Be6 30. fxe7 Rxe7 31. c4 Rd7 32. Bxa5 Rxd4 33. c5 h5 34. a4 h4 35. Bc7 h3 36. Re2 Rbb4 37. a5 Ra4 38. Rb1 Rdb4 39. Rd1 Rd4 40. Rde1 Rd7 41. Bb6 Kg7 1/2-1/2